ՀՀ Գիտությունների ազգային ակադեմիայի հիմնարար գիտական գրադարան  =   Fundamental Scientific Library of NAS RA

Փոքրիկ վրիժառուներ : (Record no. 86431)

MARC details
000 -LEADER
fixed length control field 00831nam a2200193 u 4500
001 - CONTROL NUMBER
control field 000243400
003 - CONTROL NUMBER IDENTIFIER
control field AM-YeHGA
005 - DATE AND TIME OF LATEST TRANSACTION
control field 20250618071627.0
008 - FIXED-LENGTH DATA ELEMENTS--GENERAL INFORMATION
fixed length control field 030704s1950 ai r 000 0 arm d
040 ## - CATALOGING SOURCE
Original cataloging agency AM-YeHGA
090 ## - LOCALLY ASSIGNED LC-TYPE CALL NUMBER (OCLC); LOCAL CALL NUMBER (RLIN)
-- 87714
100 1# - MAIN ENTRY--PERSONAL NAME
Personal name Ղուկասյան, Հովհաննես Արամի,
Dates associated with a name 1919-1991
9 (RLIN) 2667
245 10 - TITLE STATEMENT
Title Փոքրիկ վրիժառուներ :
Remainder of title Վիպակ /
Statement of responsibility, etc. Հովհ. Ղուկասյան; Խմբ.՝ Վ. Գրիգորյան; Նկ.՝ Պ. Մալայան.
260 ## - PUBLICATION, DISTRIBUTION, ETC.
Place of publication, distribution, etc. Երևան :
Name of publisher, distributor, etc. Հայպետհրատ,
Date of publication, distribution, etc. 1950.
300 ## - PHYSICAL DESCRIPTION
Extent 124 էջ :
Other physical details նկ. ;
Dimensions 20 սմ.
650 14 - SUBJECT ADDED ENTRY--TOPICAL TERM
Topical term or geographic name entry element Հայ գրականություն
General subdivision Արձակ
700 1# - ADDED ENTRY--PERSONAL NAME
Personal name Գրիգորյան, Վահան Արմենակի,
Dates associated with a name 1905-1989
Relator term խմբ.
Relationship edt
9 (RLIN) 1650
700 1# - ADDED ENTRY--PERSONAL NAME
Personal name Մալայան, Պետրոս Հովհաննեսի,
Dates associated with a name 1927-1995
Relator term նկ.
Relationship art
9 (RLIN) 2677
Holdings
Withdrawn status Lost status Damaged status Not for loan Collection Home library Current library Date acquired Total checkouts Full call number Barcode Date last seen Price effective from Koha item type Public note
        General Fundamental Scientific Library Fundamental Scientific Library 22/12/2016   AII/39010 220039010 22/12/2016 22/12/2016 Գրքեր / Books 30 Days Loan
        General Fundamental Scientific Library Fundamental Scientific Library 22/12/2016   AII/39011 220039011 22/12/2016 22/12/2016 Գրքեր / Books 30 Days Loan


ՀՀ ԳԱԱ հիմնարար գիտական գրադարան
ՀՀ,Երևան 0019
Մարշալ Բաղրամյան 24/6
հեռախոս:(374-10) 52-47-50
Հետադարձ կապ

All site content, except where otherwise noted, is licensed under a
Creative Commons License